000 00577nam a22001457a 4500
020 _a9-780857-865533
082 _a823
_bMAR/L
100 _aMARTEL, YANN
245 _aLIFE OF PI
260 _aLONDON
_bCA
300 _a319
520 _aA fantasy which won the Booker Prize in 2002, Life of Pi tells the magical story of a young Indian, who finds himself shipwrecked and lost at sea in a large lifeboat. His companions are four wild animals: an orangutan, a zebra, a hyena, and, most notably, Richard Parker, a Bengal tiger .
650 _aNOVEL
_zUNITED KINGDOM
942 _cBK
999 _c3534
_d3534